Návrh opatrení na zdokonalenie podnikovej kultúry ako nástroja riadenia podniku v STD DONIVO, a.s.

Na minha lista:
Detalhes bibliográficos
Autor principal: Hrebíčková, Dominika (Author)
Outros Autores: Szabó, Peter (Thesis advisor)
Formato: Manuscrito Livro
Idioma:eslovaco
Publicado em: 2021
Assuntos:
Acesso em linha:http://is.stuba.sk/zp/portal_zp.pl?podrobnosti=153335
Tags: Adicionar Tag
Sem tags, seja o primeiro a adicionar uma tag!

MARC

LEADER 00000ntm a22000003a 4500
001 stuzp83397
003 SK-STU
005 20210703211905.0
007 ta
008 150427s2015----xo-----f-mn---000-0-slo-d
040 |a STU  |b slo 
041 0 |a slo 
100 1 |a Hrebíčková, Dominika  |u 064000  |4 aut  |U MTF Materiálovotechnologická fakulta  |T MTF Ústav priemyselného inžinierstva a manažmentu  |X 44605  |U M4000  |Y 84  |7 44605 
242 0 1 |a The proposal of measures to improve the corporate culture as a tool for business management in STD DONIVO, a.s.  |y eng 
245 1 0 |a Návrh opatrení na zdokonalenie podnikovej kultúry ako nástroja riadenia podniku v STD DONIVO, a.s. 
260 |c 2021 
650 4 |a podniková kultúra  |2 slo 
650 4 |a spoločnosť  |2 slo 
650 4 |a zamestnanci  |2 slo 
650 4 |a motivácia  |2 slo 
650 4 |a spokojnosť pracovníkov  |2 slo 
650 4 |a corporate culture  |2 eng 
650 4 |a company  |2 eng 
650 4 |a motivation  |2 eng 
650 4 |a employee satisfaction  |2 eng 
650 4 |a employees  |2 eng 
700 1 |a Szabó, Peter  |u 064000  |k Z1  |4 ths  |U MTF Materiálovotechnologická fakulta  |T MTF Ústav priemyselného inžinierstva a manažmentu  |X 19244  |U M4000  |Y 84  |7 A000019244 
856 4 |u http://is.stuba.sk/zp/portal_zp.pl?podrobnosti=153335 
996 |c M* BP-9084  |l MMSKP  |s P  |a 0  |w stuzp83397_0001